Vista normal Vista MARC

Entrada Topical Term

Número de registros utilizados en: 1

001 - CONTROL NUMBER

  • control field: 42570

003 - CONTROL NUMBER IDENTIFIER

  • control field: OSt

005 - DATE AND TIME OF LATEST TRANSACTION

  • control field: 20241001105641.0

008 - FIXED-LENGTH DATA ELEMENTS

  • fixed length control field: 241001|| aca||aabn | a|a d

040 ## - CATALOGING SOURCE

  • Original cataloging agency: OSt
  • Transcribing agency: OSt

150 ## - HEADING--TOPICAL TERM

  • Topical term or geographic name entry element: Ensayos, conferencias, etc

670 ## - SOURCE DATA FOUND

  • Source citation: Work cat.: (OSt)38364: Leirmar, Walter, y otros 1936 - ? autor 42568, La Educación de adultos como proceso









Instituto Departamental de Cultura del Meta - Red Departamental de Bibliotecas Públicas del Meta.